| 000 | 00356nam a22001337a 4500 | ||
|---|---|---|---|
| 005 | 20260427154543.0 | ||
| 020 | _a9789362248640 | ||
| 082 | _a631.52 KRE.B | ||
| 100 |
_aKress, Sabine _914114 |
||
| 245 | _aBreeding of field and agricultural crops / | ||
| 260 |
_aDarya Ganj : _bDiscovery publishing house , _cc2025. |
||
| 300 | _ac276 p. | ||
| 942 |
_2ddc _cBK |
||
| 999 |
_c759129 _d759129 |
||